Statistics for Harry Potter Groups of Things

Click here to take the quiz!

General Stats

  • This quiz has been taken 3,164 times
  • The average score is 33 of 50

Answer Stats

HintAnswer% Correct
Boys in Harry's DormitoryRon Weasley
99%
Ron Weasley
99%
Severus Snape
98%
Severus Snape
97%
OwlsHedwig
95%
Neville Longbottom
92%
Heads of House in Harry's First YearMinerva McGonagall
91%
Seamus Finnigan
91%
Dean Thomas
89%
Dean Thomas
89%
Fred Weasley
89%
Fred Weasley II
89%
Gryffindor Quidditch Players 1991-1997Harry Potter
89%
Remus Lupin
89%
Dolores Umbridge
88%
Gilderoy Lockhart
86%
Ministers of MagicCornelius Fudge
85%
Alastor 'Mad-Eye' Moody
83%
Oliver Wood
83%
Filius Flitwick
81%
Defence Against The Dark Arts TeachersQuirinus Quirrell
81%
George Weasley
79%
Ginny Weasley
78%
Pamona Sprout
78%
Angelina Johnson
72%
Katie Bell
71%
Albus Severus Potter
67%
Rose Weasley
67%
James Sirius Potter
64%
Lily Luna Potter
61%
Errol
60%
Pigwidgeon
58%
Hugo Weasley
57%
Alicia Spinnet
54%
Rufus Scrimgeour
54%
Cormac McLaggen
49%
Mr and Mrs Weasley's GrandchildrenVictoire Weasley
45%
Hermes
44%
Molly Weasley II
42%
Kingsley Shacklebolt
40%
Pius Thicknesse
37%
Roxanne Weasley
32%
Dominique Weasley
31%
Louis Weasley
31%
Lucy Weasley
29%
Demelza Robins
20%
Jimmy Peakes
20%
Ritchie Coote
18%
Jack Sloper
17%
Andrew Kirke
13%

Score Distribution

Percentile by Number Answered

Percent of People with Each Score

Your Score History

You have not taken this quiz